[Event "XL Corsicoscacchi A"]
[Site "Corsico ITA"]
[Date "2009.05.03"]
[Round "6"]
[White "Mastrorilli, Nicola"]
[Black "Mazzariol, Oscar"]
[Result "1/2-1/2"]
[WhiteElo "2012"]
[BlackElo "2062"]
[PlyCount "25"]
[EventDate "2009.05.01"]

1. e4 c5 2. Nf3 e6 3. d4 cxd4 4. Nxd4 Nf6 5. Nc3 d6 6. Be2 a6 7. a4 Nc6 8. Be3
Bd7 9. f4 Be7 10. g4 Nxd4 11. Qxd4 e5 12. fxe5 dxe5 13. Qxe5 1/2-1/2

[Event "XL Corsicoscacchi A"]
[Site "Corsico ITA"]
[Date "2009.05.03"]
[Round "6"]
[White "Sbarra, Marco"]
[Black "Ranieri, Fabrizio"]
[Result "1-0"]
[WhiteElo "2232"]
[BlackElo "2249"]
[PlyCount "81"]
[EventDate "2009.05.01"]

1. d4 d5 2. c4 e6 3. Nc3 c6 4. e3 a6 5. Nf3 Nf6 6. Qc2 Nbd7 7. Bd2 Be7 8. a4
O-O 9. Bd3 b6 10. cxd5 cxd5 11. Ne5 Bb7 12. f4 h6 13. O-O Rc8 14. Rad1 Ne4 15.
Be1 f5 16. Ng6 Re8 17. Qe2 a5 18. Nxe4 fxe4 19. Bb5 Bc6 20. Ba6 Bxa4 21. Ra1
Rc2 22. Qg4 Bc6 23. Qxe6+ Kh7 24. Bc3 Nb8 25. Qf5 Kg8 26. Bc8 Bf6 27. Be6+ Rxe6
28. Qxe6+ Kh7 29. Ne5 Bb5 30. Rfc1 Re2 31. Re1 Bxe5 32. dxe5 Rxe1+ 33. Rxe1 Bc4
34. Qf5+ Kg8 35. e6 Qe7 36. Qg4 Nc6 37. f5 Kf8 38. Qg6 b5 39. Qh7 Ke8 40. Bxg7
Kd8 41. Bf6 1-0

[Event "XL Corsicoscacchi A"]
[Site "Corsico ITA"]
[Date "2009.05.03"]
[Round "6"]
[White "Ubezio, Marco"]
[Black "Angelini, Marco"]
[Result "0-1"]
[WhiteElo "2163"]
[BlackElo "2033"]
[PlyCount "118"]
[EventDate "2009.05.01"]

1. d4 Nf6 2. Bg5 d5 3. e3 e6 4. Bd3 Be7 5. Nd2 Nbd7 6. f4 b6 7. Nh3 Bb7 8. Nf2
c5 9. c3 Qc7 10. Qf3 O-O-O 11. a4 a6 12. O-O Kb8 13. Ng4 Rdf8 14. Ne5 c4 15.
Bc2 Ng8 16. Bxe7 Nxe7 17. Nxd7+ Qxd7 18. b3 cxb3 19. Bxb3 Rc8 20. Rfc1 Rc7 21.
a5 b5 22. Rc2 Rhc8 23. Rac1 Nf5 24. Qe2 Nd6 25. Qd3 h6 26. Ba2 Rc6 27. Nf3 f6
28. Nd2 Qd8 29. Qg6 Qxa5 30. Nb3 Qc7 31. Nc5 Ne4 32. Nxe4 dxe4 33. d5 exd5 34.
Bxd5 Rb6 35. Bxe4 Qc5 36. Re1 Bxe4 37. Qxe4 b4 38. c4 b3 39. Rc3 Qb4 40. Qd4 a5
41. Rb1 a4 42. c5 Qxd4 43. exd4 Rb4 44. d5 Rd4 45. d6 Kb7 46. Re1 Kc6 47. Re2
Rb4 48. Re1 a3 49. d7 Kxd7 50. Rd1+ Kc7 51. c6 Rd8 52. Re1 a2 53. Re7+ Kd6 54.
Re1 Rc8 55. c7 b2 56. Rd1+ Ke6 57. Re3+ Kf5 58. g4+ Kxf4 59. Re7 b1=Q 0-1

[Event "XL Corsicoscacchi A"]
[Site "Corsico ITA"]
[Date "2009.05.03"]
[Round "6"]
[White "Volpi, Davide"]
[Black "Piemonti, Carlo"]
[Result "1/2-1/2"]
[WhiteElo "2020"]
[BlackElo "2016"]
[PlyCount "131"]
[EventDate "2009.05.01"]

1. e4 c5 2. Nf3 e6 3. d3 d6 4. g3 g6 5. Bg2 Bg7 6. O-O Ne7 7. c3 O-O 8. Be3
Nbc6 9. a4 Rb8 10. Na3 a6 11. d4 cxd4 12. cxd4 d5 13. exd5 exd5 14. Bf4 Ra8 15.
Ne5 Be6 16. Qd2 Qb6 17. Rfd1 Rac8 18. Nb1 Na5 19. Ra3 Nec6 20. Nxc6 Rxc6 21.
Bf1 Rfc8 22. Rc3 Nb3 23. Qd3 Nxd4 24. Rxc6 Nxc6 25. Nc3 Ne5 26. Nxd5 Qd8 27.
Bxe5 Bxe5 28. Nc3 Qxd3 29. Rxd3 Bc4 30. Rd7 Bxf1 31. Kxf1 Bxc3 32. bxc3 Rxc3
33. Rxb7 Rc4 34. Ra7 Rxa4 35. Rb7 Ra2 36. Ra7 a5 37. Kg2 a4 38. Ra5 a3 39. Ra7
Ra1 40. Rb7 Kg7 41. Ra7 h6 42. Ra6 g5 43. g4 a2 44. Ra7 h5 45. h3 h4 46. Ra6
Kf8 47. Ra7 Ke8 48. Ra8+ Kd7 49. Ra7+ Kc6 50. Ra6+ Kb5 51. Ra8 Kc4 52. Rc8+ Kd4
53. Rd8+ Ke4 54. Re8+ Kf4 55. Ra8 Ke5 56. Re8+ Kd6 57. Rd8+ Kc6 58. Ra8 Kb6 59.
Ra3 Kc6 60. Ra5 Kd6 61. Ra6+ Ke7 62. Ra7+ Kf6 63. Ra6+ Kg7 64. Ra7 Kg6 65. Ra6+
f6 66. Ra7 1/2-1/2

[Event "XL Corsicoscacchi B"]
[Site "Corsico ITA"]
[Date "2009.05.01"]
[Round "1"]
[White "Arena, Piermario"]
[Black "Crepaldi, Marco"]
[Result "1-0"]
[WhiteElo "1751"]
[BlackElo "1849"]
[PlyCount "47"]
[EventDate "2009.05.01"]

1. e4 c5 2. c3 Nf6 3. e5 Nd5 4. d4 cxd4 5. Nf3 Nc6 6. cxd4 e6 7. Bc4 d6 8. O-O
Be7 9. Qe2 O-O 10. Nc3 dxe5 11. dxe5 Nxc3 12. bxc3 Qc7 13. Qe4 b6 14. Bd3 g6
15. Bg5 Bxg5 16. Nxg5 Nxe5 17. Bc2 Bb7 18. Qh4 f5 19. Nxe6 Qc6 20. Nf4 Nf3+ 21.
gxf3 Qxf3 22. Bb3+ Kh8 23. Nd5 Bxd5 24. Qd4+ 1-0

[Event "XL Corsicoscacchi B"]
[Site "Corsico ITA"]
[Date "2009.05.01"]
[Round "2"]
[White "Crepaldi, Marco"]
[Black "Cervini, Gian Piero"]
[Result "1-0"]
[WhiteElo "1849"]
[BlackElo "1792"]
[PlyCount "59"]
[EventDate "2009.05.01"]

1. e4 g6 2. d4 Bg7 3. f4 d6 4. c3 Nf6 5. Bd3 O-O 6. Nf3 Nbd7 7. Qe2 c5 8. e5
Ne8 9. d5 Nb6 10. c4 e6 11. dxe6 Bxe6 12. Ng5 Nc7 13. Nc3 f6 14. Nxh7 Kxh7 15.
Qh5+ Kg8 16. Bxg6 Re8 17. f5 Bxc4 18. Qh7+ Kf8 19. Bh6 Rxe5+ 20. Kd2 Ne8 21.
Bxg7+ Nxg7 22. Qh8+ Bg8 23. Raf1 Qd7 24. h4 Nxf5 25. Qxf6+ Bf7 26. Bxf5 Nc4+
27. Kc1 Qe8 28. Bg6 Qe6 29. Qxe6 Rxe6 30. Bxf7 1-0

[Event "XL Corsicoscacchi B"]
[Site "Corsico ITA"]
[Date "2009.05.02"]
[Round "3"]
[White "Carbone, Lorenzo"]
[Black "Crepaldi, Marco"]
[Result "0-1"]
[WhiteElo "1833"]
[BlackElo "1849"]
[PlyCount "76"]
[EventDate "2009.05.01"]

1. e4 c5 2. Nf3 d6 3. d4 cxd4 4. Nxd4 Nf6 5. Nc3 a6 6. Be2 e5 7. Nb3 Be7 8. O-O
Be6 9. Be3 O-O 10. h3 b5 11. a3 Nbd7 12. Qe1 Nb6 13. Rd1 Qc7 14. Nd2 Rac8 15.
f4 Nc4 16. Nxc4 Bxc4 17. fxe5 dxe5 18. Bd3 Rfd8 19. Qg3 Bxd3 20. cxd3 Kh8 21.
Kh2 Bxa3 22. Qh4 Bxb2 23. Rxf6 Qxc3 24. Rxf7 Rf8 25. Rxg7 Kxg7 26. Bh6+ Kh8 27.
Qe7 Qc7 28. Qxc7 Rxc7 29. Bxf8 a5 30. Rf1 a4 31. Bd6 Rd7 32. Rb1 a3 33. Rxb2
axb2 34. Bxe5+ Kg8 35. Bxb2 Rxd3 36. Bf6 b4 37. Kg1 b3 38. Kf1 Rd2 0-1

[Event "XL Corsicoscacchi B"]
[Site "Corsico ITA"]
[Date "2009.05.02"]
[Round "4"]
[White "Crepaldi, Marco"]
[Black "Gavioli, Fabrizio"]
[Result "1-0"]
[WhiteElo "1849"]
[BlackElo "1728"]
[PlyCount "103"]
[EventDate "2009.05.01"]

1. e4 c5 2. Nf3 Nc6 3. d4 cxd4 4. Nxd4 g6 5. Nxc6 bxc6 6. Qd4 Nf6 7. e5 Nh5 8.
e6 Bg7 9. exf7+ Kxf7 10. Qc4+ e6 11. Nc3 a5 12. Qc5 Qc7 13. Ne4 Qe5 14. Qxe5
Bxe5 15. g3 d5 16. Ng5+ Ke7 17. f4 Bf6 18. g4 Ng7 19. h4 h5 20. Bd3 hxg4 21.
Bxg6 Nf5 22. h5 Ba6 23. Nf7 Rhg8 24. Ne5 c5 25. Nxg4 Bh4+ 26. Kd1 Be2+ 27. Kxe2
Ng3+ 28. Kf3 Nxh1 29. Be3 Ng3 30. Bxc5+ Kd7 31. Nh6 Rgc8 32. Bf2 Nxh5 33. Bxh4
Ng7 34. Re1 Rab8 35. Bf6 Ne8 36. Be5 Rb4 37. f5 Ke7 38. Bc3 Re4 39. f6+ Nxf6
40. Bxf6+ Kxf6 41. Bxe4 dxe4+ 42. Rxe4 Rxc2 43. Re2 Rc5 44. Ng4+ Kf5 45. Ne3+
Kf6 46. a3 Rh5 47. Ng4+ Ke7 48. Ne5 Kd6 49. Nc4+ Ke7 50. Re5 Rxe5 51. Nxe5 a4
52. Nc4 1-0

[Event "XL Corsicoscacchi B"]
[Site "Corsico ITA"]
[Date "2009.05.03"]
[Round "5"]
[White "Virzi, Ettore"]
[Black "Crepaldi, Marco"]
[Result "1-0"]
[WhiteElo "1986"]
[BlackElo "1849"]
[PlyCount "57"]
[EventDate "2009.05.01"]

1. e4 c5 2. Nf3 d6 3. d4 cxd4 4. Nxd4 Nf6 5. Nc3 a6 6. Bg5 e6 7. f4 Qc7 8. Qf3
b5 9. Bd3 Nbd7 10. O-O-O Bb7 11. Rhe1 Nc5 12. Kb1 b4 13. Nd5 exd5 14. exd5+ Kd8
15. Nc6+ Bxc6 16. dxc6 Be7 17. Bf5 h6 18. Qe3 hxg5 19. fxg5 Nfe4 20. Bxe4 Nxe4
21. Qxe4 a5 22. Qe5 Rg8 23. Qd5 Rf8 24. Re4 Ra7 25. Rde1 Qb8 26. h4 g6 27. g4
Qc8 28. Rxe7 Rxe7 29. Qxd6+ 1-0

[Event "XL Corsicoscacchi B"]
[Site "Corsico ITA"]
[Date "2009.05.03"]
[Round "6"]
[White "Crepaldi, Marco"]
[Black "Reale, Simone"]
[Result "1-0"]
[WhiteElo "1849"]
[BlackElo "1901"]
[PlyCount "93"]
[EventDate "2009.05.01"]

1. e4 c5 2. Nf3 d6 3. c4 e5 4. Be2 Nf6 5. d3 Nc6 6. Nc3 Be7 7. O-O Bg4 8. Ne1
h5 9. h3 Be6 10. a3 Qd7 11. Bd2 Bxh3 12. Nd5 Bg4 13. Nf3 h4 14. Ne3 h3 15. Nxg4
Qxg4 16. g3 Qg6 17. Kh1 Nh5 18. Rg1 Qe6 19. Nh2 Nf6 20. Nf3 Ng4 21. Be1 g6 22.
Nh4 f5 23. exf5 gxf5 24. Nxf5 Nxf2+ 25. Bxf2 Qxf5 26. Be3 Qg6 27. Qd2 O-O-O 28.
b4 Nd4 29. Rab1 Rdf8 30. bxc5 Nxe2 31. Qxe2 dxc5 32. Qb2 Qc6+ 33. Kh2 Bd6 34.
Qe2 Rf3 35. Bg5 Rg8 36. Bh4 Rg4 37. Rbf1 Rxf1 38. Rxf1 Rxh4 39. gxh4 e4+ 40.
Kxh3 exd3 41. Qxd3 a6 42. Qf5+ Kc7 43. h5 Qa4 44. Qf7+ Kb6 45. Rb1+ Ka5 46.
Qxb7 Qxa3+ 47. Rb3 1-0

[Event "C.to Regionale Liguria"]
[Site "Savona ITA"]
[Date "2009.05.03"]
[Round "4"]
[White "Stoppa, Omar"]
[Black "Brun, Dario"]
[Result "1-0"]
[WhiteElo "2252"]
[BlackElo "2273"]
[PlyCount "59"]
[EventDate "2009.05.01"]

1. e4 e6 2. d4 d5 3. Nd2 Nf6 4. e5 Nfd7 5. Bd3 c5 6. c3 Nc6 7. Ne2 cxd4 8. cxd4
f6 9. f4 fxe5 10. fxe5 Nxd4 11. O-O Qb6 12. Kh1 Nxe5 13. Nb3 Nxb3 14. axb3 Be7
15. Ng3 Nxd3 16. Qxd3 Bd7 17. Be3 Qb4 18. Rf4 Qb5 19. Qd4 Bf6 20. Rxf6 gxf6 21.
Nh5 O-O-O 22. Nxf6 Rhf8 23. Rxa7 b6 24. Qe5 Qf1+ 25. Bg1 Qc1 26. Nxd7 Rxd7 27.
Ra8+ Kb7 28. Rxf8 Qc6 29. Rb8+ Ka6 30. Rxb6+ 1-0

[Event "IV Open I Like Elo"]
[Site "Roma ITA"]
[Date "2009.05.06"]
[Round "1"]
[White "Bogosaljevic, Miodrag"]
[Black "Felici, Ettore"]
[Result "1-0"]
[WhiteElo "2030"]
[BlackElo "1691"]
[PlyCount "61"]
[EventDate "2009.05.06"]

1. e4 c6 2. d4 d5 3. Nc3 dxe4 4. Nxe4 Nd7 5. c4 Ngf6 6. Nc3 e6 7. Nf3 Be7 8.
Bd3 O-O 9. O-O Qc7 10. Re1 Nb6 11. Bg5 Rd8 12. Rc1 Nbd7 13. d5 Nf8 14. Qe2 Ng6
15. h4 Nf4 16. Bxf4 Qxf4 17. Qc2 Bd6 18. Ne4 h6 19. c5 Bb8 20. d6 Bd7 21. Nxf6+
Qxf6 22. Re3 a5 23. Qb3 b6 24. Qxb6 Ba7 25. Qxa5 Qxb2 26. Rb1 Qf6 27. Rb7 Bxc5
28. Qxc5 Qa1+ 29. Re1 Qxa2 30. Ne5 Ra5 31. Qb6 1-0

[Event "IV Open I Like Elo"]
[Site "Roma ITA"]
[Date "2009.05.06"]
[Round "1"]
[White "Casella, Carlo"]
[Black "Roberti, Bruno"]
[Result "0-1"]
[WhiteElo "1607"]
[BlackElo "1969"]
[PlyCount "86"]
[EventDate "2009.05.06"]

1. e4 e5 2. Nf3 Nc6 3. Bc4 Bc5 4. c3 Nf6 5. d4 exd4 6. cxd4 Bb4+ 7. Bd2 Nxe4 8.
Bxb4 Nxb4 9. Bxf7+ Kxf7 10. Qb3+ d5 11. Qxb4 Re8 12. O-O Qe7 13. Qxe7+ Rxe7 14.
Nc3 Nxc3 15. bxc3 Bf5 16. Rfe1 Rae8 17. Rxe7+ Rxe7 18. Ne5+ Kf8 19. f3 c5 20.
Kf2 cxd4 21. cxd4 Rc7 22. Re1 b5 23. Re2 b4 24. g4 Bc8 25. Rb2 a5 26. Ke1 Rc3
27. Kd2 Ke7 28. Rc2 Rxc2+ 29. Kxc2 Kd6 30. Kb3 Kc7 31. Ka4 Kb6 32. h4 h5 33. g5
Bf5 34. Kb3 Kb5 35. f4 a4+ 36. Kb2 Bg4 37. Kc2 Bf5+ 38. Kb2 Bg4 39. Kc2 a3 40.
Kc1 Bf5 41. Nf3 Kc4 42. Ne5+ Kc3 43. Nc6 b3 0-1

[Event "IV Open I Like Elo"]
[Site "Roma ITA"]
[Date "2009.05.06"]
[Round "1"]
[White "Castelfranchi, Carlo"]
[Black "Mazza, Maurizio"]
[Result "1/2-1/2"]
[WhiteElo "2082"]
[BlackElo "1697"]
[PlyCount "114"]
[EventDate "2009.05.06"]

1. e4 e5 2. Nf3 Nc6 3. Bb5 Nf6 4. O-O d6 5. d4 exd4 6. Qxd4 Bd7 7. Bxc6 Bxc6 8.
Nc3 Be7 9. Bf4 O-O 10. Rad1 Re8 11. Rfe1 h6 12. e5 Bxf3 13. gxf3 dxe5 14. Qxe5
Bd6 15. Qd4 Rxe1+ 16. Rxe1 Bxf4 17. Qxf4 c6 18. Qb4 b6 19. Rd1 Qc7 20. Qd6 Qxd6
21. Rxd6 Rc8 22. Ne4 Nxe4 23. fxe4 Rc7 24. Rd8+ Kh7 25. Rd6 Kg8 26. a4 Kf8 27.
e5 Ke7 28. c4 c5 29. a5 Rd7 30. axb6 axb6 31. Rxb6 Rd4 32. b3 Re4 33. Kg2 Rxe5
34. Kf3 Re6 35. Rb7+ Kf6 36. Rc7 Re5 37. h4 g6 38. Rc6+ Ke7 39. Kf4 f6 40. Rc7+
Ke6 41. Rh7 h5 42. Rh6 Rf5+ 43. Kg3 Kf7 44. Rh7+ Ke6 45. f4 Kd6 46. Rg7 Ke6 47.
Rh7 g5 48. hxg5 fxg5 49. Rh6+ Kf7 50. fxg5 Rxg5+ 51. Kf4 Rg4+ 52. Kf5 Rh4 53.
Rc6 Rh3 54. Rxc5 Rxb3 55. Rc7+ Ke8 56. Ke6 Rb6+ 57. Kf5 Kd8 1/2-1/2

[Event "IV Open I Like Elo"]
[Site "Roma ITA"]
[Date "2009.05.06"]
[Round "1"]
[White "Castillo, Juan"]
[Black "Pala, Giorgio"]
[Result "0-1"]
[WhiteElo "1686"]
[BlackElo "1983"]
[PlyCount "72"]
[EventDate "2009.05.06"]

1. e4 c5 2. Nf3 e6 3. c3 d5 4. Bb5+ Bd7 5. Qe2 dxe4 6. Bxd7+ Qxd7 7. Qxe4 Nf6
8. Qe2 Nc6 9. O-O Rd8 10. Na3 Bd6 11. Nc2 O-O 12. d3 h6 13. h3 Rfe8 14. Be3 e5
15. Rad1 Nd5 16. Qd2 Re6 17. c4 Nde7 18. Qe2 Ng6 19. Nh2 Nd4 20. Qd2 f5 21.
Bxd4 exd4 22. Rfe1 Nf4 23. Rxe6 Qxe6 24. Kh1 Qg6 25. f3 Qg3 26. Nf1 Qg6 27. Re1
Rf8 28. a3 Rf6 29. Nh2 Qh5 30. b4 b6 31. bxc5 bxc5 32. Rb1 Rg6 33. Ne1 Re6 34.
Qa5 Qg5 35. Qd2 Re2 36. h4 Qg3 0-1

[Event "IV Open I Like Elo"]
[Site "Roma ITA"]
[Date "2009.05.06"]
[Round "1"]
[White "Colantonio, Marco"]
[Black "Maggi, Fabrizio"]
[Result "0-1"]
[WhiteElo "1692"]
[BlackElo "2053"]
[PlyCount "99"]
[EventDate "2009.05.06"]

1. e4 e5 2. f4 exf4 3. Nf3 g5 4. h4 g4 5. Ng1 Nf6 6. Nc3 Qe7 7. d3 Bh6 8. Nge2
Nh5 9. Nd5 Qd8 10. Ndxf4 Nxf4 11. Bxf4 Bxf4 12. Nxf4 d6 13. Be2 Rg8 14. g3 Nc6
15. Rf1 Nd4 16. Nh5 Rg6 17. Rf4 Bd7 18. Qd2 Qe7 19. O-O-O Qe5 20. Rdf1 Qxh5 21.
Rxf7 O-O-O 22. Bd1 Be6 23. Rf8 Nf3 24. Rxd8+ Kxd8 25. Qf4 Ke7 26. Bxf3 gxf3 27.
Rxf3 Qh6 28. Kd2 Qxf4+ 29. gxf4 Rg2+ 30. Kc3 Bg4 31. Rf1 Rh2 32. Rg1 h5 33. e5
dxe5 34. fxe5 c5 35. a3 Ke6 36. Re1 Re2 37. Rxe2 Bxe2 38. Kc4 Kxe5 39. Kxc5 Kf4
40. d4 Kg4 41. d5 Kxh4 42. Kd6 Kg5 43. Kc7 h4 44. d6 Bg4 45. Kxb7 h3 46. c4 h2
47. c5 h1=Q+ 48. Kc7 Qa8 49. d7 Bxd7 50. Kxd7 0-1

[Event "IV Open I Like Elo"]
[Site "Roma ITA"]
[Date "2009.05.06"]
[Round "1"]
[White "De Maria, Isaia"]
[Black "Zacchia, Marco"]
[Result "1/2-1/2"]
[WhiteElo "1884"]
[BlackElo "1487"]
[PlyCount "67"]
[EventDate "2009.05.06"]

1. e4 d5 2. exd5 Nf6 3. d4 Nxd5 4. c4 Nf6 5. Nc3 c6 6. Nf3 Bg4 7. Be2 e6 8. O-O
Be7 9. Re1 O-O 10. h3 Bf5 11. Be3 Bb4 12. a3 Bxc3 13. bxc3 Ne4 14. Qb3 Qc7 15.
Nh4 Bg6 16. Nxg6 hxg6 17. Bf3 Nf6 18. Rac1 Nbd7 19. Bg5 Rac8 20. Rb1 b6 21.
Rbd1 a6 22. Qc2 b5 23. Qe2 Qa5 24. d5 cxd5 25. cxd5 exd5 26. Bxd5 Nxd5 27. Rxd5
Nf6 28. Bxf6 gxf6 29. h4 Qxc3 30. h5 Rfe8 31. Qxe8+ Rxe8 32. Rxe8+ Kg7 33. hxg6
Qc1+ 34. Kh2 1/2-1/2

[Event "IV Open I Like Elo"]
[Site "Roma ITA"]
[Date "2009.05.06"]
[Round "1"]
[White "Festa, Simone"]
[Black "Foschini, Andrea"]
[Result "0-1"]
[WhiteElo "1383"]
[BlackElo "1815"]
[PlyCount "72"]
[EventDate "2009.05.06"]

1. d4 d5 2. Nf3 Nf6 3. Bg5 Ne4 4. e3 Bg4 5. Bd3 Bxf3 6. Qxf3 Nxg5 7. Qh5 Ne4 8.
Nc3 Nf6 9. Qf3 e6 10. e4 dxe4 11. Nxe4 c6 12. Ng5 Qxd4 13. O-O-O Qd5 14. Qxd5
cxd5 15. f3 Bd6 16. c4 Bf4+ 17. Kb1 Bxg5 18. cxd5 Nxd5 19. h4 Bf6 20. Bb5+ Nc6
21. g4 O-O 22. g5 Be7 23. Bxc6 bxc6 24. Rc1 c5 25. b3 a5 26. a4 Rab8 27. Kb2
Rfc8 28. Rc2 c4 29. Rb1 Rxb3+ 30. Kc1 Ba3+ 31. Rbb2 Bxb2+ 32. Rxb2 Rxb2 33.
Kxb2 c3+ 34. Kc2 Nb4+ 35. Kc1 c2 36. f4 Na2+ 0-1

[Event "IV Open I Like Elo"]
[Site "Roma ITA"]
[Date "2009.05.06"]
[Round "1"]
[White "Gargiulo, Mariano"]
[Black "Pipitone, Filippo Massimo"]
[Result "1-0"]
[WhiteElo "1863"]
[BlackElo "1468"]
[PlyCount "73"]
[EventDate "2009.05.06"]

1. e4 c5 2. Nf3 e6 3. d3 Nc6 4. g3 Nf6 5. Bg2 g6 6. O-O Bg7 7. c3 e5 8. Na3 O-O
9. Nc4 Qe7 10. a4 d6 11. Be3 Be6 12. Na3 Rad8 13. Ng5 Bc8 14. f4 exf4 15. gxf4
b6 16. Rc1 Rfe8 17. Nb5 Qd7 18. Bf2 h6 19. Nf3 Ng4 20. Rc2 a6 21. Na3 Nxf2 22.
Rcxf2 Bb7 23. Nc4 b5 24. axb5 axb5 25. Nb6 Qe6 26. Nd5 Rc8 27. Nh4 Ne7 28. f5
gxf5 29. Nxe7+ Rxe7 30. Nxf5 Rec7 31. Rf4 f6 32. Qg4 Kf8 33. Qh5 Rd8 34. Nxg7
Kxg7 35. Rg4+ Kf8 36. Qxh6+ Ke7 37. Rg7+ 1-0

[Event "IV Open I Like Elo"]
[Site "Roma ITA"]
[Date "2009.05.06"]
[Round "1"]
[White "Mulas, Icaro"]
[Black "Barbieri, Massimiliano"]
[Result "1-0"]
[WhiteElo "1815"]
[BlackElo "1302"]
[PlyCount "77"]
[EventDate "2009.05.06"]

1. e4 e5 2. Nf3 Nc6 3. Bb5 Bc5 4. O-O Nf6 5. Re1 O-O 6. h3 Nd4 7. Bc4 d6 8. c3
Nc6 9. d4 Bb6 10. Bg5 h6 11. Bh4 Re8 12. d5 Na5 13. Bb5 c6 14. Bf1 cxd5 15.
exd5 e4 16. Bxf6 Qxf6 17. Nd4 Bxd4 18. cxd4 b6 19. Qa4 Bb7 20. Nc3 e3 21. fxe3
Rac8 22. Bb5 Re7 23. Rad1 Qg5 24. e4 Qg3 25. Rf1 Rxc3 26. bxc3 Rxe4 27. Rf3
Re1+ 28. Bf1 Qh4 29. Rxe1 Qxe1 30. Qd7 Ba6 31. Qxf7+ Kh7 32. Qf5+ Kh8 33. Qf8+
Kh7 34. Qxd6 Nc4 35. Qf8 Nd2 36. Rf7 Qg3 37. Bxa6 Qe3+ 38. Kh2 Kg6 39. Rxg7+
1-0

[Event "IV Open I Like Elo"]
[Site "Roma ITA"]
[Date "2009.05.06"]
[Round "1"]
[White "Nassetti, Francesco"]
[Black "Gamberale, Francesco"]
[Result "1-0"]
[WhiteElo "1843"]
[BlackElo "1434"]
[PlyCount "55"]
[EventDate "2009.05.06"]

1. d4 d5 2. c4 c6 3. Nf3 Nf6 4. Nc3 e6 5. e3 Bd6 6. Bd3 O-O 7. O-O Nbd7 8. Re1
e5 9. cxd5 cxd5 10. Nb5 Bb4 11. Bd2 Bxd2 12. Nxd2 e4 13. Be2 Nb6 14. Rc1 Be6
15. Qb3 Ne8 16. Rc2 Qg5 17. a4 Bh3 18. Bf1 Nd7 19. Nc3 Nef6 20. Qxb7 Rfb8 21.
Qc7 Nh5 22. f4 Qh4 23. Rec1 Rc8 24. Qd6 Qg4 25. Kh1 Qe6 26. Qxd5 Rxc3 27. Qxa8+
Nf8 28. Rxc3 1-0

[Event "IV Open I Like Elo"]
[Site "Roma ITA"]
[Date "2009.05.06"]
[Round "1"]
[White "Ruotolo, Claudio"]
[Black "Quimi, Marco"]
[Result "0-1"]
[WhiteElo "1781"]
[BlackElo "2242"]
[PlyCount "84"]
[EventDate "2009.05.06"]

1. c4 c5 2. Nf3 Nf6 3. Nc3 g6 4. g3 b6 5. Bg2 Bb7 6. O-O Bg7 7. Re1 O-O 8. e4
d6 9. d4 cxd4 10. Nxd4 Qc8 11. b3 Nbd7 12. Bb2 a6 13. Rc1 e6 14. Nf3 Qc7 15.
Qe2 Rfd8 16. Nd2 Rac8 17. f4 h5 18. h3 Nc5 19. b4 Ncd7 20. a3 Qb8 21. Nf1 Qa8
22. Red1 Ne8 23. Ne3 Ndf6 24. Nf1 Rc7 25. e5 dxe5 26. Bxb7 Rxb7 27. fxe5 Nd7
28. Ne4 Nxe5 29. Rxd8 Qxd8 30. Bxe5 Bxe5 31. Rd1 Rd7 32. Rxd7 Qxd7 33. Kg2 Qd4
34. Nfd2 Nf6 35. Ng5 Qc3 36. Ngf3 Bc7 37. Nb1 Qb3 38. Qf1 Ne4 39. g4 Qc2+ 40.
Kg1 Bg3 41. Kh1 Bf4 42. Qe1 Nf2+ 0-1

[Event "IV Open I Like Elo"]
[Site "Roma ITA"]
[Date "2009.05.06"]
[Round "1"]
[White "Salvo, Ivano"]
[Black "Caparrotta, Federico"]
[Result "1-0"]
[WhiteElo "1518"]
[BlackElo "1884"]
[PlyCount "63"]
[EventDate "2009.05.06"]

1. e4 c6 2. d4 d5 3. Nc3 dxe4 4. Nxe4 Bf5 5. Ng3 Bg6 6. Bc4 e6 7. N1e2 Nf6 8.
O-O Be7 9. f4 O-O 10. c3 Nbd7 11. f5 exf5 12. Bd3 c5 13. Bxf5 cxd4 14. Nxd4 Qb6
15. Bxg6 hxg6 16. Qb3 Bc5 17. Qxb6 Bxb6 18. Nge2 Rfe8 19. Kh1 Nc5 20. Rf3 Nce4
21. Be3 Ng4 22. Bg1 Ne5 23. Rh3 Rac8 24. b3 Nc6 25. Nxc6 Bxg1 26. Kxg1 Rxc6 27.
Re3 f5 28. c4 Rd6 29. Nf4 Rd2 30. Nxg6 Red8 31. Ne7+ Kh7 32. Rh3# 1-0

[Event "IV Open I Like Elo"]
[Site "Roma ITA"]
[Date "2009.05.06"]
[Round "1"]
[White "Scagliarini, Bruno"]
[Black "Capitani, Roberto"]
[Result "1-0"]
[WhiteElo "1925"]
[BlackElo "1596"]
[PlyCount "61"]
[EventDate "2009.05.06"]

1. c4 e5 2. Nc3 Nf6 3. Nf3 Nc6 4. g3 Bc5 5. Bg2 O-O 6. Nxe5 Bxf2+ 7. Kxf2 Nxe5
8. d4 Nfg4+ 9. Ke1 Nxc4 10. Qd3 Nb6 11. Rf1 c6 12. h3 Nf6 13. Bg5 h6 14. Bxf6
gxf6 15. Qd2 Kg7 16. Rf5 d6 17. Rh5 Rh8 18. Qf4 Be6 19. e4 Qe7 20. Kf2 Rae8 21.
Kg1 Nc4 22. b3 Nb6 23. Rf1 Nd7 24. d5 cxd5 25. exd5 Bxd5 26. Nxd5 Qe2 27. Nxf6
Ne5 28. Ng4 Re6 29. Rxe5 Rf8 30. Rxe2 Rxe2 31. Qxh6+ 1-0

[Event "IV Open I Like Elo"]
[Site "Roma ITA"]
[Date "2009.05.06"]
[Round "1"]
[White "Sellitto, Pietro"]
[Black "Maggi, Luigi"]
[Result "1-0"]
[WhiteElo "1485"]
[BlackElo "1876"]
[PlyCount "155"]
[EventDate "2009.05.06"]

1. d4 d5 2. c4 e6 3. a3 c5 4. dxc5 Bxc5 5. e3 a6 6. Nf3 Nf6 7. Nc3 Nc6 8. b4
Ba7 9. Bb2 O-O 10. c5 b6 11. cxb6 Bxb6 12. Na4 Ba7 13. Be2 Bb7 14. O-O Ne4 15.
Rc1 Qe7 16. Ne5 Nxe5 17. Bxe5 Rac8 18. Bf3 Rxc1 19. Qxc1 Rc8 20. Qb2 Nd6 21.
Bxd6 Qxd6 22. Rc1 Rxc1+ 23. Qxc1 Qc6 24. Qd1 f6 25. h3 Kf7 26. Qb3 Qc1+ 27. Kh2
Qc7+ 28. g3 Bc8 29. Qd3 g6 30. h4 Qd6 31. h5 Bd7 32. hxg6+ hxg6 33. Nb2 Bb5 34.
Qc3 Qc6 35. Qb3 Qc1 36. Nd3 Qc4 37. Qxc4 dxc4 38. Ne1 c3 39. Nc2 Bb6 40. Bd1
Ba4 41. Kg1 a5 42. Kf1 axb4 43. axb4 Ke7 44. Ke2 Bb5+ 45. Ke1 e5 46. Na3 Bd3
47. Bc2 e4 48. Kd1 Bc7 49. Nb1 Be5 50. f4 Bd6 51. Nxc3 f5 52. Bxd3 exd3 53. Kd2
Ke6 54. b5 Kd7 55. Kxd3 Bc5 56. e4 Bf2 57. Ne2 fxe4+ 58. Kxe4 Kd6 59. g4 Kc5
60. Ke5 Kxb5 61. Kf6 Kc6 62. Kxg6 Kd5 63. f5 Bh4 64. Kh5 Be7 65. Nf4+ Ke4 66.
Ne6 Ke5 67. Kg6 Bh4 68. g5 Kd6 69. Kh6 Ke7 70. Nf4 Kf7 71. Kh5 Bf2 72. Nd5 Bd4
73. f6 Bb2 74. g6+ Kg8 75. Kg5 Kh8 76. g7+ Kg8 77. Kg6 Bxf6 78. Nxf6# 1-0

[Event "IV Open I Like Elo"]
[Site "Roma ITA"]
[Date "2009.05.06"]
[Round "1"]
[White "Simeone, Giulio"]
[Black "Gerlando, Onofrio"]
[Result "1-0"]
[WhiteElo "1970"]
[BlackElo "1642"]
[PlyCount "113"]
[EventDate "2009.05.06"]

1. c4 Nf6 2. Nc3 g6 3. e4 e5 4. Nf3 d6 5. d4 exd4 6. Nxd4 Bg7 7. Bg5 h6 8. Be3
Nbd7 9. Qd2 a6 10. Rd1 Ng4 11. Bf4 Qe7 12. f3 Ngf6 13. Bd3 Nh5 14. Nd5 Qd8 15.
Be3 Qh4+ 16. Bf2 Qd8 17. Qa5 b6 18. Qa4 Bb7 19. O-O O-O 20. b4 Nhf6 21. Bh4
Bxd5 22. cxd5 Qc8 23. Bf2 Ne5 24. Nc6 Nxc6 25. Qxc6 Qd7 26. Rc1 Qxc6 27. Rxc6
Rfc8 28. Rfc1 Nd7 29. Rxc7 Rxc7 30. Rxc7 Ne5 31. Bf1 b5 32. h3 g5 33. Be2 Ng6
34. g3 Bb2 35. Rc6 Be5 36. Kg2 Kg7 37. Bb6 Kf6 38. h4 Nf8 39. h5 Ke7 40. Be3 f6
41. f4 Bb2 42. Kf3 Kd7 43. Bd2 Ke7 44. Ke3 Ra7 45. Kd3 Nd7 46. Be3 Nb8 47. Bxa7
Nxc6 48. dxc6 Kd8 49. Bb6+ Ke7 50. c7 gxf4 51. gxf4 Bc1 52. c8=Q Bxf4 53. Be3
Bxe3 54. Kxe3 a5 55. Bg4 axb4 56. Qd7+ Kf8 57. Be6 1-0

[Event "IV Open I Like Elo"]
[Site "Roma ITA"]
[Date "2009.05.06"]
[Round "1"]
[White "Sinbaldi, Francesco"]
[Black "Vannelli, Vittorio"]
[Result "0-1"]
[WhiteElo "1407"]
[BlackElo "1847"]
[PlyCount "64"]
[EventDate "2009.05.06"]

1. Nf3 c5 2. g3 d5 3. d3 Nc6 4. Nbd2 Nf6 5. Bg2 e5 6. O-O Bd6 7. e4 d4 8. h3
Be6 9. Ng5 Bd7 10. Nc4 Bc7 11. Qe1 Qe7 12. Bd2 h6 13. Nf3 b5 14. Na5 Bxa5 15.
Bxa5 b4 16. Bc7 Rc8 17. Bxe5 Nxe5 18. Nh4 O-O 19. f4 Nc6 20. Kh2 g6 21. g4 Bxg4
22. e5 Bd7 23. exf6 Qxf6 24. a3 Rfe8 25. Qg3 Re3 26. Qf2 Rce8 27. Rae1 bxa3 28.
bxa3 Rxe1 29. Rxe1 Rxe1 30. Qxe1 Qxf4+ 31. Kg1 Ne5 32. Bd5 Bxh3 0-1